| 000 | 00771nam a2200241 i 4500 | ||
|---|---|---|---|
| 001 | bg | ||
| 100 | 1 | _aSTRZELECKI, Tadeusz Jan. | |
| 245 | 1 | 0 |
_aOrganizacja pracy / _cTadeusz J. Strzelecki. |
| 260 |
_aWarszawa : _bOficyna Wydawnicza Politechniki Warszawskiej, _c1995. |
||
| 300 |
_a122, [2] s. : _brys., wykr. ; _c24 cm. |
||
| 504 | _aBibliogr. s. [124]. | ||
| 521 | _aDla studentów I roku kierunku Zarządzanie i Marketing na Wydz. Mechanicznym Technologii i Automatyzacji PW. | ||
| 650 | 9 | _aZarządzanie | |
| 650 | 9 |
_aPraca _xorganizacja |
|
| 655 | _aPodręczniki akademickie | ||
| 020 | _a8386569239 | ||
| 040 | _cBPK | ||
| 041 | 0 | _apl | |
| 080 | _a331.103(075.8) | ||
| 920 | _a83-86569-23-9 | ||
| 942 | _cKS | ||
| 008 | s pl f |000 0 pol | ||
| 999 |
_c35903 _d35903 |
||
| 856 |
_uhttp://koha.tu.koszalin.pl/cgi-bin/koha/opac-detail.pl?biblionumber=35903 _yKatalog online BPK |
||